000 00304nam a22001337a 4500
008 170905b xxu||||| |||| 00| 0 eng d
020 _a9780801313875
041 _aeng
080 _a070
100 _a40
101 _aMED
245 _aTHE LAW OF PUBLIC COMMUNICATION
_cMIDDLETON,K.R
942 _2udc
_cBK
999 _c26183
_d26183